La hija del capitán / (Registro nro. 8514)

Detalles MARC
000 -LIDER
fixed length control field 01168nam a22003737a 4500
001 - NÚMERO DE CONTROL
Identificador de número de control 0074
003 - IDENTIFICACDOR DE NÚMERO DE CONTROL
control field DO-SdBNP
005 - DATE AND TIME OF LATEST TRANSACTION
control field 20180126104118.0
007 - CAMPOS FIJOS DE DESCRIPCIÓN FÍSICA
fixed length control field 0074
008 - ELEMENTOS DE LONGITUD FIJA
fixed length control field 151102b 1983 sp ||| 00| 0 spa d
020 ## - ISBN
International Standard Book Number 8475251285
040 ## - FUENTE DE CATALOGACIÓN
Agencia que crea de manera original el registro BPMSU
Idioma de catalogación spa
Agencia que realiza la transcripción BPMSU
041 17 - CÓDIGOS DE OBRAS TRADUCIDAS O EN VARIOS IDIOMAS
Código del idioma del texto/archivo de sonido o separata spa
Cód. del idioma original y/o traducciones intermedias del texto
082 ## - NÚMERO DE CLASIFICACIÓN DECIMAL DE DEWEY
Classification number 891.73
Item number P987h
092 ## - LOCALLY ASSIGNED DEWEY DECIMAL CALL NUMBER
Número de clasificación
Número de ítem (Cutter)
100 10 - ASIENTO PRINCIPAL -- NOMBRE PERSONAL
Nombre personal Pushkin, Alexandr S.,
Fechas asociadas con el nombre 1799-1837
240 ## - TITULO UNIFORME
Título uniforme Kanhtahckar aoyka
Idioma de una obra Español
245 13 - MENCIÓN DE TITULO
Título La hija del capitán /
Mención de responsabilidad Alexandr S. Pushkin ; traducción Amaya Lacasa ; ilustración Hugo Figueroa
260 ## - PUBLICACIÓN, DISTRIBUCIÓN, ETC. (PIE DE IMPRENTA)
Lugar de publicación, distribución, etc Madrid :
Nombre del editor, distribuidor, etc. Ediciones Generales Anaya,
Fecha de publicación, distribución, etc 1983
300 ## - DESCRIPCIÓN FÍSICA
Extensión 200 p. :
Otros detalles físicos il.;
Dimensiones 20 cm.
490 10 - MENCIÓN DE SERIES
Mención de serie Tus libros;
-- Aventuras
Volume/sequential designation 34
504 ## - NOTA DE BIBLIOGRAFÍA, ETC.
Bibliography, etc Incluye notas y referencias bibliográficas al pie de las páginas
504 ## - NOTA DE BIBLIOGRAFÍA, ETC.
Bibliography, etc Bibliografías : p. 199-200
650 ## - ENCABEZAMIENTO DE MATERIA--TEMÁTICO
Término temático o nombre geográfico como elemento de entrada NOVELA RUSA
650 ## - ENCABEZAMIENTO DE MATERIA--TEMÁTICO
Término temático o nombre geográfico como elemento de entrada LITERATURA RUSA
700 10 - ASIENTO SECUNDARIO -- NOMBRE PERSONAL
Nombre personal Lacasa, Amaya,
Mención de responsabilidad traductor
700 10 - ASIENTO SECUNDARIO -- NOMBRE PERSONAL
Nombre personal Figueroa, Hugo,
Mención de responsabilidad ilustración
830 00 - ASIENTO SECUNDARIO DE SERIE--TÍTULO UNIFORME
Título uniforme Tus libros
--
Nombre de la parte o sección de una obra Aventuras
Volume number/sequential designation 34
830 00 - ASIENTO SECUNDARIO DE SERIE--TÍTULO UNIFORME
Número de la parte o sección de una obra 34
942 ## - ADDED ENTRY ELEMENTS (KOHA)
Source of classification or shelving scheme Dewey Decimal Classification
Koha item type Libros
945 ## - INFORMACIÓN DE PROCESAMIENTO LOCAL
Información de procesamiento local Inventariado extranjero / 2018 VM
956 ## - LOCAL ELECTRONIC LOCATION AND ACCESS (OCLC)
Nombre de host Brenda Tavárez
956 ## - LOCAL ELECTRONIC LOCATION AND ACCESS (OCLC)
Nombre de host VMATEO
Número de acceso 10
Información de compresión 20161026
Trayectoria BPMSU
Nombre Electrónico 0069
Existencias
Withdrawn status Lost status Source of classification or shelving scheme Damaged status Not for loan Collection code Home library Current library Date acquired Source of acquisition Total Checkouts Full call number Barcode Date last seen Price effective from Koha item type
    Dewey Decimal Classification     Colección General Biblioteca Pública Metropolitana Salomé Ureña Biblioteca Pública Metropolitana Salomé Ureña 10/26/2016 FUNDI   891.73 P987h BPMSU16100384 10/26/2016 10/26/2016 Libros